Бестиарий китайской мифологии (Запись № 13639605)

Подробности
000 -МАРКЕР
контрольное поле 01491nam0a2200361 4500
001 - ИДЕНТИФИКАТОР ЗАПИСИ
контрольное поле RU\NLR\BIBL_A\022721302
005 - ИДЕНТИФИКАТОР ВЕРСИИ
контрольное поле 20260408234057.0
010 ## - МЕЖДУНАРОДНЫЙ СТАНДАРТНЫЙ НОМЕР КНИГИ (ISBN)
Номер (ISBN) 978-5-17-175096-1
Тираж 2000
035 ## - ДРУГИЕ СИСТЕМНЫЕ НОМЕРА
Идентификатор записи (NLR Aleph) 022721302
100 ## - ДАННЫЕ ОБЩЕЙ ОБРАБОТКИ
Данные общей обработки 20260206d2025 u y0rusy50 ca
101 1# - ЯЗЫК РЕСУРСА
Язык текста, звукозаписи и т.д. русский
Язык оригинала китайский
102 ## - СТРАНА ПУБЛИКАЦИИ ИЛИ ПРОИЗВОДСТВА
Страна публикации российская федерация
105 ## - ПОЛЕ КОДИРОВАННЫХ ДАННЫХ: ТЕКСТОВЫЕ МАТЕРИАЛЫ, МОНОГРАФИЧЕСКИЕ
Кодированные данные о монографическом текстовом документе а z 000zy
181 #0 - ПОЛЕ КОДИРОВАННЫХ ДАННЫХ: ВИД СОДЕРЖАНИЯ
Код вида содержания (ISBD) b2
Код характеристики содержания (ISBD) ab2e
181 #0 - ПОЛЕ КОДИРОВАННЫХ ДАННЫХ: ВИД СОДЕРЖАНИЯ
Код вида содержания (ISBD) i
Код характеристики содержания (ISBD) axxe
182 #0 - ПОЛЕ КОДИРОВАННЫХ ДАННЫХ: ТИП СРЕДСТВА
Код типа средства (ISBD) n - непосредственное
200 1# - ЗАГЛАВИЕ И СВЕДЕНИЯ ОБ ОТВЕТСТВЕННОСТИ
Основное заглавие Бестиарий китайской мифологии
Наименование части Книга гор и морей
Сведения, относящиеся к заглавию с дополненной реальностью
-- [артбук]
Первые сведения об ответственности Дю Хао
Последующие сведения об ответственности [перевод с китайского Марии Мирошкиной]
203 ## - ВИД СОДЕРЖАНИЯ И ТИП СРЕДСТВА
Вид содержания Изображение
-- Текст
Дополнительные сведения об издании визуальные
Тип средства непосредственные
210 ## - ПУБЛИКАЦИЯ, РАСПРОСТРАНЕНИЕ И ДР.
Место издания, распространения и т.д. Москва
Имя издателя, распространителя и т. д. АСТ, Кладезь
Дата издания, распространения и т.д. 2025
215 ## - ФИЗИЧЕСКАЯ ХАРАКТЕРИСТИКА
Специфическое обозначение материала и объем 103 с.
Другие сведения о физической характеристике цв. ил.
Размеры 29
225 1# - СЕРИЯ
Основное заглавие серии Серия "Артбуки. Красочные миры"
605 ## - ЗАГЛАВИЕ КАК ПРЕДМЕТ
Начальный элемент ввода "Каталог гор и морей"
Сведения, относящиеся к заглавию / сведения о виде, жанре, характере документа китайский литературный памятник
Тематический подзаголовок Образы
Идентификатор авторитетной/нормативной записи RU\NLR\AUTH\6601767619
Системный номер авторитетной/нормативной записи 2700989
606 1# - НАИМЕНОВАНИЕ ТЕМЫ КАК ПРЕДМЕТ
Наименование темы Демонология
Географический подзаголовок Китай
Системный номер авторитетной/нормативной записи 2218848
Идентификатор авторитетной/нормативной записи RU\NLR\AUTH\661332470
686 1# - ИНДЕКСЫ ДРУГИХ КЛАССИФИКАЦИЙ
Индекс Ш5(5Кит)3-332.4
686 1# - ИНДЕКСЫ ДРУГИХ КЛАССИФИКАЦИЙ
Индекс Э239(5Кит)-421.2
700 #0 - ИМЯ ЛИЦА - ПЕРВИЧНАЯ ОТВЕТСТВЕННОСТЬ
Начальный элемент ввода Лю Хао
702 #1 - ИМЯ ЛИЦА - ВТОРИЧНАЯ ОТВЕТСТВЕННОСТЬ
Начальный элемент ввода Мирошкина
Часть имени, кроме начального элемента ввода М.
Расширение инициалов личного имени Мария
Код отношения Переводчик
942 ## - ДОПОЛНИТЕЛЬНЫЕ ЭЛЕМЕНТЫ ЗАПИСИ (АБИС)
Тип экземпляра АБИС Книга
980 ## - КОЛЛЕКЦИЯ
Название коллекции Национальная библиография

Нет доступных экземпляров.